Praktické využití francouzské metodiky finanční analýzy orientované na potřeby mezipodnikové komparace ekonomické výkonnosti
Pokračovanie z č. 7/2002. Koncepcia finančného pracovného kapitálu. Funkčné chápanie pracovného kapitálu. Potreba pokrytia pracovného kapitálu trvalými zdrojmi, t.j. funkčným pracovným kapitálom.
Na minha lista:
| Autor principal: | |
|---|---|
| Formato: | Capítulo de Livro |
| Idioma: | tcheco |
| Assuntos: | |
| Tags: |
Sem tags, seja o primeiro a adicionar uma tag!
|
MARC
| LEADER | 00000naa a2200000 4500 | ||
|---|---|---|---|
| 001 | r046082 | ||
| 005 | 20230913090532.4 | ||
| 041 | 0 | |a cze | |
| 044 | |a CZ | ||
| 245 | 1 | 0 | |a Praktické využití francouzské metodiky finanční analýzy orientované na potřeby mezipodnikové komparace ekonomické výkonnosti |c Jiřina Rezková |
| 520 | |a Pokračovanie z č. 7/2002. Koncepcia finančného pracovného kapitálu. Funkčné chápanie pracovného kapitálu. Potreba pokrytia pracovného kapitálu trvalými zdrojmi, t.j. funkčným pracovným kapitálom. | ||
| 610 | 2 | 0 | |a analýza finančná |
| 610 | 2 | 0 | |a podnik |
| 610 | 2 | 0 | |a porovnanie medzipodnikové |
| 610 | 2 | 0 | |a výkonnosť |
| 610 | 2 | 0 | |a kapitál |
| 610 | 2 | 0 | |a samofinancovanie |
| 610 | 2 | 0 | |a rentabilita podniku |
| 100 | 1 | |a Rezková, Jiřina | |